000 00517cam a22002171 4500
001 sa 67005321
003 DLC
005 20260227112356.0
008 891120s1963 ii c 000 1 hino
010 _asa 67005321
035 _a(OCoLC)20678463
040 _aDLC
_cWaU
_dDLC
042 _apremarc
050 0 0 _aPK2098.V38
_bT53
100 1 _aVerma, Bhagwati Charan,
_d1903-
245 1 0 _aTīna varsha.
260 _c[1963/64]
300 _a255 p.
_bport.
_c19 cm.
500 _aIn Hindi.
500 _aA novel.
999 _c75116
_d75116